header

Creating collaborative advantage (Record no. 109550)

MARC details
000 -LEADER
fixed length control field 01428nam a2200337 a 4500
245 00 - TITLE STATEMENT
Title Creating collaborative advantage
260 ## - PUBLICATION, DISTRIBUTION, ETC. (IMPRINT)
Place of publication London ;
-- Thousand Oaks, Calif. :
Name of publisher Sage Publications,
Year of publication 1996.
300 ## - PHYSICAL DESCRIPTION
Number of Pages ix, 188 p. :
Other physical details ill.
505 0# - FORMATTED CONTENTS NOTE
Formatted contents note pt. 1. Introduction -- pt. 2. Rationales and contexts for collaboration -- pt. 3. Collaboration in practice : key issues -- pt. 4. Intervention processes for collaboration -- pt. 5. Closure.
650 #0 - SUBJECT ADDED ENTRY--TOPICAL TERM
Topical Term Organization.
Topical Term Competition (Psychology)
700 1# - ADDED ENTRY--PERSONAL NAME
Personal name Huxham, Chris.
856 40 - ELECTRONIC LOCATION AND ACCESS
Uniform Resource Identifier http://site.ebrary.com/lib/rucke/Doc?id=10369673

No items available.

© 2026 Rongo University
Contact us: librarian | system librarian | Rongo university